Regionálna pobočka Českého spolku sa rozrástla o dva miestne kluby

Bibliographic Details
Main Author: (hra) (Author)
Corporate Author: Český spolok na Slovensku (Košice, Slovensko) (Author)
Format: Article
Language:Slovak
PhysicalDescription:1 foto
ISSN:1335-4566
Subjects:

MARC

LEADER 00000nab a2200000 a 4500
001 vtls000905445
003 SK-MaSNL
005 20260302172134.0
008 040720e20001218xo 0 slo
035 |a KE14394 
040 |a KEVKJB  |b slo  |c KEVKJB  |e AACR2 
041 0 |a slo 
044 |a xo  |c SK 
080 |a 061.25(437.1)(=850)  |2 1981 
100 0 |a (hra)  |4 aut  |9 872760 
245 1 0 |a Regionálna pobočka Českého spolku sa rozrástla o dva miestne kluby 
300 |b 1 foto 
610 2 7 |a Český spolok na Slovensku (Košice, Slovensko)  |2 KEVKJB  |9 29737 
610 2 7 |a ČSnS  |2 KEVKJB  |9 877437 
611 1 7 |a Vianoce  |2 KEVKJB  |9 877519 
650 0 7 |a akcie spoločenské  |2 KEVKJB  |9 877520 
651 7 |a Košice (Slovensko)  |2 KEVKJB  |9 18694 
651 7 |a KE,  |2 KEVKJB  |9 877256 
655 7 |a periodikum  |2 snkbucl  |9 29553 
710 2 |a Český spolok na Slovensku (Košice, Slovensko)  |4 aut  |9 29737 
773 0 8 |t Košický denník Korzár  |g Roč. 3, č.291, 18.12.2000, s. 2  |x 1335-4566 
852 |a ZVYKNI  |b KIS3GCP 
999 |c 1398021  |d 1399951